000 00518nam a2200169 4500
001 131056
003 ES-MaACL
005 20230906193915.0
007 t|
008 070214s1911 fr r ||||1| fre d
100 1 _aRod, Edouard.
_998088
245 1 3 _aLa pensée d'Edouard Rod Morceaux choiris /
_cpublies avec une preface par Julie de Mestral Combremont.
260 _aParis :
_bPerrin,
_c1911.
300 _aLIV, 278 p. ;
_c19 cm.
700 1 _aMestral Combremont, Julie de.
_980693
852 _aES-MaACL
_jF-9038
999 _c131056
_d131056